000 nam a22 7a 4500
999 _c30197
_d30197
008 190412b xxu||||| |||| 00| 0 eng d
020 _a019572027x
050 _aPL 8704 .M3HB 1973
100 _aHussein .N. Ebrahim.
245 _amashetani/
260 _aKenya :
_boxford university press,
_c1973
300 _aix, 57p, :
_c18cm.
942 _2lcc
_cAFRICANA